00309nam a22001337a 4500003000400000008004100004020001800045082001500063100002000078245003300098250001100131260002500142300000800167OSt240412b |||||||| |||| 00| 0 eng d a9789389423716 a006.32 KLN aKLAAS,Sebastian aNeural Network for Beginners a1st Ed aNew DelhibBPBc2023 a238